|
|
|
|
| LEADER |
01884nam a2200445 i 4500 |
| 001 |
EBC4586020 |
| 003 |
MiAaPQ |
| 005 |
20200917021826.0 |
| 006 |
m o d | |
| 007 |
cr cnu|||||||| |
| 008 |
160803t20162016enk ob 000 0 eng d |
| 020 |
|
|
|z 9781784416287
|
| 020 |
|
|
|a 9781784416270 (e-book)
|
| 035 |
|
|
|a (MiAaPQ)EBC4586020
|
| 035 |
|
|
|a (Au-PeEL)EBL4586020
|
| 035 |
|
|
|a (CaPaEBR)ebr11234917
|
| 035 |
|
|
|a (CaONFJC)MIL937936
|
| 035 |
|
|
|a (OCoLC)953456487
|
| 040 |
|
|
|a MiAaPQ
|b eng
|e rda
|e pn
|c MiAaPQ
|d MiAaPQ
|
| 050 |
|
4 |
|a HM48
|b .F365 2016
|
| 082 |
0 |
|
|a 301.072
|2 23
|
| 245 |
0 |
0 |
|a Family environments, school resources, and educational outcomes /
|c edited by Grace Kao, Hyunjoon Park.
|
| 264 |
|
1 |
|a Bingley, England :
|b Emerald,
|c 2016.
|
| 264 |
|
4 |
|c 2016
|
| 300 |
|
|
|a 1 online resource (211 pages)
|
| 336 |
|
|
|a text
|2 rdacontent
|
| 337 |
|
|
|a computer
|2 rdamedia
|
| 338 |
|
|
|a online resource
|2 rdacarrier
|
| 490 |
1 |
|
|a Research in Sociology of Education,
|x 1479-3539 ;
|v Volume 19
|
| 504 |
|
|
|a Includes bibliographical references.
|
| 588 |
|
|
|a Description based on online resource; title from PDF title page (ebrary, viewed July 25, 2016).
|
| 590 |
|
|
|a Electronic reproduction. Ann Arbor, MI : ProQuest, 2016. Available via World Wide Web. Access may be limited to ProQuest affiliated libraries.
|
| 650 |
|
0 |
|a Sociology
|x Research.
|
| 655 |
|
4 |
|a Electronic books.
|
| 700 |
1 |
|
|a Kao, Grace,
|e editor.
|
| 700 |
1 |
|
|a Park, Hyunjoon,
|e editor.
|
| 776 |
0 |
8 |
|i Print version:
|t Family environments, school resources, and educational outcomes.
|d Bingley, England : Emerald, c2016
|h xix, 190 pages
|k Research in sociology of education ; Volume 19.
|z 9781784416287
|
| 797 |
2 |
|
|a ProQuest (Firm)
|
| 830 |
|
0 |
|a Research in sociology of education ;
|v Volume 19.
|
| 856 |
4 |
0 |
|u https://ebookcentral.proquest.com/lib/matrademy/detail.action?docID=4586020
|z Click to View
|